00617 a2200193 4500003000400000005001700004008004100021020001800062040000900080082002000089100002400109245002900133250001200162260003300174300001400207942004600221952013900267999001700406OSt20260309094432.0260307b |||||||| |||| 00| 0 eng d a9789357329286 coclc a894.8123bRAJ/S1 aRajat, Ār.910057 aSUSPENSE GENE /cRajad R a6th Ed. akottayam:bD C Books.c2025, a252 pages 2ddccBKh894.8123iRAJ/Sk894.8123mRAJ/S 00102ddc40708FICaMESbMEScMALd2026-03-07g310.00l0o894.8123 RAJ/Sp46155r2026-03-07 14:47:10v310.00w2026-03-07yBKzGR28R2 c44682d44682